000 00440nam a2200169Ia 4500
008 131004t2012 xxu||||| |||| 00| 0 sin d
041 _asin
080 _aX8S31
_bWIC
100 _aWickramasinghe, Anura
245 _aරත නොරත රති
246 _aRatha Noratha Rathi
260 _bNanila Publication
_aNugegoda
_c2012
300 _a471p., 21 cm
942 _cBK
999 _c73982
_d73982
003 LK-CoDNM
040 _aLK-CoDNM
_dLK-CoDNM
_eLK-CoDNM